Normale Ansicht MARC-Ansicht ISBD

Konstitucija rossijskoj imperii / (Titelsatznr. 39930)

[ MARC ]
MARC-Details
000 -Satzkennung
Kontrollfeld mit fester Länge 00526nam a22001931c 4500
001 - Kontrollnummer
Kontrollfeld a987674057
008 - Feld mit fester Länge zur physischen Beschreibung - Allgemeine Angaben
Kontrollfeld mit fester Länge 150708s1994 gw |||| 000u rus d
040 ## - Katalogisierungsquelle
Übertragungsstelle RU-10907106
003 - Kontrollnummer Identifier
Kontrollfeld RU-10907106
245 00 - Titel
Titel Konstitucija rossijskoj imperii /
Verfasserangabe etc. Slonimskij, L. Izdanie neoficial'noe
250 ## - Ausgabebezeichnung
Ausgabebezeichnung [Kopie]
264 ## - Produktion, Veröffentlichung, Distribution, Herstellung und Urheberrechtsvermerk
Herstellungs-, Veröffentlichungs- Vertriebs-, Erzeugungsort Ann Arbor, Michigan :
Produzent, Herausgeber, Distributor, Hersteller U.M.I. Books On Demand,
Datum der Herstellung, der Veröffentlichung, des Vertriebs oder des Urheberschutzvermerks 1994
300 ## - Physische Beschreibung
Umfang 240 S.
648 #0 - Nebeneintragung unter einem Schlagwort - Zeitschlagwort
Zeitschlagwort 1905-1906
651 #0 - Nebeneintragung unter einem Schlagwort - Geografischer Name
Geografischer Name Russland
655 #0 - Indexierungsterm - Genre/Form
Genre/Form oder fokussierter Term Quelle
700 1# - Nebeneintragung - Personenname
Personenname Slonimskij, L.
Funktionsbezeichnung HerausgeberIn
942 ## - Zusätzliche Felder (Koha)
Koha-Medientyp Monographien
Exemplare
Ausgeschieden Verloren Klassifikation oder Aufstellungssystematik Beschädigt Nicht entleihbar Heimatbibliothek Aufenthaltsbibliothek Erwerbungsdatum Inventarnummer Signatur Barcode Letzte Aktivität Preis gültig von Koha-Medientyp
    Andere/Generische Klassifikation     MWN Osteuropa MW Forum Finnland 08/07/2015 15-01215 R 55 g Slo E004015079082766 23/04/2020 22/03/2021 Monographien